[Event "Mogi Guacu op"]
[Site "Mogi Guacu"]
[Date "2022.04.29"]
[Round "1"]
[White "Ferreira Gangini, Wagner Maria"]
[Black "De Oliveira Neto, Jose Xavier"]
[Result "0-1"]
[WhiteElo "1180"]
[BlackElo "1754"]
[PlyCount "64"]
[EventDate "2022.04.29"]
[EventType "swiss"]
[EventRounds "6"]
[EventCountry "BRA"]
[SourceTitle "CBM 208 Extra"]
[Source "ChessBase"]
[SourceDate "2022.07.31"]
[SourceVersion "1"]
[SourceVersionDate "2022.07.31"]
[SourceQuality "1"]

1. d4 Nf6 2. c4 e5 3. d5 Bc5 4. Bg5 Ne4 5. Be3 Bxe3 6. fxe3 Qh4+ 7. g3 Nxg3 8. hxg3 Qxh1 9. Nf3 d6 10. Kd2 0-0 11. Nc3 Nd7 12. Ne4 Nf6 13. Nf2 Qh6 14. Qb3 Ng4 15. Nxg4 Bxg4 16. Bg2 Bxf3 17. exf3 Rfb8 18. Rh1 Qg5 19. g4 f5 20. Rh5 Qg6 21. Rxf5 Qe8 22. Rh5 g6 23. Rh1 b5 24. Qc3 bxc4 25. Rb1 Qb5 26. Bf1 Qb4 27. Qxb4 Rxb4 28. a3 Rb6 29. Bxc4 Rab8 30. b3 a5 31. a4 Rb4 32. Kd3 Rxa4 0-1